000
00364nam a2200169Ia 4500
100
_a
calaprice/Alice
650
_a
Biography
942
_c
BK
366
_f
28
654
_a
albert eistein
245
_a
Albert Einstein:A biography
260
_b
Jaico Publishing House
_c
205
082
_b
CAL
300
_a
161
546
_a
ENGLISH
_c
Computers
999
_c
17859
_d
17859